000 00342nam a2200133Ia 4500
005 20260328101450.0
008 260328s9999||||xx |||||||||||||| ||und||
100 _aZhi Wenjun, Xu Jie
245 0 _aNew chinese Architecture /
_cXu Jie Zhi Wenjun
260 _bLaurence King
300 _a479 p.
650 _aARQUITECTURA REGIONAL
942 _cBK
999 _c8602
_d8602